[Event "Silvan Cup"]
[Site "Graested"]
[Date "1990.02.17"]
[Round "8"]
[White "Hector, Jonny"]
[Black "Mortensen, Erling"]
[Result "1-0"]
[WhiteElo "2465"]
[BlackElo "2480"]
[PlyCount "51"]
[EventDate "1990.02.??"]
[EventType "tourn"]
[EventRounds "9"]
[EventCountry "DEN"]

1. e4 c5 2. Nf3 e6 3. d4 cxd4 4. Nxd4 Nf6 5. Nc3 d6 6. g4 h6 7. h4 Nc6 8. Rg1
h5 9. gxh5 Nxh5 10. Bg5 Nf6 11. Qd2 Qb6 12. Nb3 Bd7 13. Be2 a6 14. h5 Nxh5 15.
Rh1 g6 16. O-O-O Qxf2 17. e5 Qf5 18. Kb1 d5 19. Rde1 d4 20. Nxd4 Nxd4 21. Qxd4
Qxg5 22. Ne4 Qd8 23. Bxh5 Bg7 24. Bxg6 Rxh1 25. Rxh1 fxg6 26. Nd6+ 1-0

[Event "Silvan Cup"]
[Site "Graested"]
[Date "1990.02.17"]
[Round "8"]
[White "Kuijf, Marinus"]
[Black "Levitt, Jonathan"]
[Result "1/2-1/2"]
[WhiteElo "2490"]
[BlackElo "2465"]
[PlyCount "121"]
[EventDate "1990.02.??"]
[EventType "tourn"]
[EventRounds "9"]
[EventCountry "DEN"]

1. d4 Nf6 2. c3 g6 3. Bg5 Bg7 4. Nd2 h6 5. Bh4 d5 6. e3 Nbd7 7. f4 c5 8. Bd3
Qb6 9. Rb1 Nf8 10. Ngf3 Bf5 11. Bxf5 gxf5 12. Qa4+ N6d7 13. Nb3 cxd4 14. cxd4
Ng6 15. O-O Nxh4 16. Nxh4 e6 17. Rfc1 Ke7 18. Qa3+ Qd6 19. Rc7 Qxa3 20. bxa3 b6
21. Rbc1 Rhb8 22. Nf3 Kd8 23. Ne5 Bxe5 24. dxe5 Rc8 25. Rxc8+ Rxc8 26. Rxc8+
Kxc8 27. Kf2 Kd8 28. Nd4 a6 29. Kg3 Ke7 30. Kh4 Kf8 31. Kh5 Kg7 32. Nc6 b5 33.
h3 Nb6 34. Nb4 Nc4 35. Nc2 Nd2 36. g4 Nf1 37. gxf5 exf5 38. Nd4 Nxe3 39. Kh4
Kg6 40. Kg3 Nc4 41. Nc6 Nxa3 42. Ne7+ Kh7 43. Nxd5 a5 44. Kf3 Nc2 45. Ke2 Nd4+
46. Kd3 Ne6 47. Ke3 b4 48. Kd3 a4 49. Kc4 b3 50. axb3 axb3 51. Kxb3 Kg6 52. Kc3
Kh5 53. Kd3 Kh4 54. Ke3 Kxh3 55. Ne7 Ng7 56. Ng8 h5 57. Kf3 Ne6 58. Nh6 Nd4+
59. Ke3 Nc2+ 60. Kf2 Nd4 61. Ke3 1/2-1/2

[Event "Silvan Cup"]
[Site "Graested"]
[Date "1990.02.18"]
[Round "9"]
[White "Mortensen, Erling"]
[Black "Hansen, Lars Bo"]
[Result "1/2-1/2"]
[WhiteElo "2480"]
[BlackElo "2460"]
[PlyCount "116"]
[EventDate "1990.02.??"]
[EventType "tourn"]
[EventRounds "9"]
[EventCountry "DEN"]

1. e4 c6 2. d4 d5 3. exd5 cxd5 4. c4 Nf6 5. Nc3 e6 6. Nf3 Be7 7. cxd5 Nxd5 8.
Bd3 Nc6 9. O-O O-O 10. Re1 Bf6 11. Be4 Qd6 12. a3 Bd7 13. Nb5 Qb8 14. Ng5 Bxg5
15. Bxg5 Nce7 16. Nc3 Bc6 17. Qh5 Ng6 18. Rad1 Nxc3 19. bxc3 Bxe4 20. Rxe4 Qd6
21. c4 Qxa3 22. h4 Qa2 23. d5 e5 24. d6 f6 25. Bc1 Rf7 26. Qf5 Qc2 27. Rde1 Rd8
28. Qe6 Qd3 29. c5 b6 30. Ra4 Nf8 31. Qa2 bxc5 32. Rxa7 c4 33. Rxf7 Kxf7 34.
Ba3 Ra8 35. Re3 Qxd6 36. Qxc4+ Qe6 37. Qe4 Rc8 38. Bxf8 Kxf8 39. Qxh7 Qc4 40.
Rg3 Rc7 41. h5 Rd7 42. Qf5 Rd1+ 43. Kh2 Qh4+ 44. Rh3 Qf4+ 45. Qxf4 exf4 46. Rh4
Rd5 47. Kh3 Rg5 48. h6 gxh6 49. Rxh6 Kf7 50. Rh4 f3 51. g3 f5 52. Kh2 Rg4 53.
Rh5 Kf6 54. Rh8 Rb4 55. Rf8+ Kg6 56. Kh3 Rb2 57. g4 fxg4+ 58. Kxg4 Rxf2 1/2-1/2

[Event "Silvan Cup"]
[Site "Graested"]
[Date "1990.02.18"]
[Round "9"]
[White "Vasiukov, Evgeni"]
[Black "Berg, Klaus"]
[Result "1-0"]
[WhiteElo "2545"]
[BlackElo "2410"]
[PlyCount "101"]
[EventDate "1990.02.??"]
[EventType "tourn"]
[EventRounds "9"]
[EventCountry "DEN"]

1. e4 c6 2. d4 d5 3. e5 Bf5 4. h4 h5 5. c4 e6 6. Nc3 Be7 7. Qb3 Qb6 8. c5 Qc7
9. Qa4 Nd7 10. Be2 f6 11. exf6 Ngxf6 12. Nf3 O-O 13. g3 e5 14. Nxe5 Nxe5 15.
Bf4 Nfg4 16. O-O Bxc5 17. dxc5 Qe7 18. Qd4 Rae8 19. Rad1 Rf7 20. Rd2 Nf6 21. f3
Nfd7 22. b4 Ref8 23. Kh2 Qe6 24. Nd1 Bh3 25. Rg1 Bf5 26. Ne3 Bg6 27. Ng2 Bf5
28. Bd1 Bg6 29. Re1 Rf5 30. Re3 Qf6 31. Be2 Re8 32. Kh1 Nf8 33. Bg5 Qf7 34. Qc3
Nc4 35. Bxc4 dxc4 36. Nf4 Rxe3 37. Qxe3 Qe8 38. Qc3 Qe1+ 39. Kg2 Bf7 40. Qc2 g6
41. Rd8 Qe5 42. a3 c3 43. Bh6 Be8 44. Bxf8 Rxf8 45. Nxg6 Qf6 46. Qb3+ Kg7 47.
Nxf8 Bf7 48. Rd7 Kxf8 49. Rxf7+ Qxf7 50. Qxc3 Qa2+ 51. Kh3 1-0